Política criminal española en materia de violencia de género: valoración crítica
Đã lưu trong:
| Tác giả chính: | |
|---|---|
| Định dạng: | Sách |
| Ngôn ngữ: | Tiếng Tây Ban Nha |
| Được phát hành: |
Valencia
Tirant Lo Blanch
2018
|
| Phiên bản: | 1a. ed |
| Loạt: | Criminología y Educación Social Serie Menor
|
| Những chủ đề: | |
| Các nhãn: |
Thêm thẻ
Không có thẻ, Là người đầu tiên thẻ bản ghi này!
|
MARC
| LEADER | 00000cam a2200000 a 4500 | ||
|---|---|---|---|
| 001 | UCC7644 | ||
| 003 | CL-VaPUC | ||
| 008 | 190427e20180000sp |||||||||||||||||spa|d | ||
| 020 | |a 9788491696827 | ||
| 082 | 0 | 4 | |a 364.15553 |b VIL |2 21 |
| 100 | 0 | |a Villacampa Estiarte, Carolina |e author |9 602317 | |
| 245 | 1 | 0 | |a Política criminal española en materia de violencia de género: valoración crítica |
| 250 | |a 1a. ed | ||
| 300 | |a 251 p | ||
| 942 | |c BK | ||
| 945 | |d 20190427 02:22:00 |a dcastane | ||
| 260 | |a Valencia |b Tirant Lo Blanch |c 2018 | ||
| 650 | 0 | |a Violencia de género |9 535002 | |
| 650 | 0 | |a Derecho penal español |9 368528 | |
| 650 | 7 | |a MALTRATO |2 CL-VaPUC |9 530611 | |
| 650 | 0 | |a Mujeres maltratadas |9 328273 | |
| 583 | |a last modification |c 20190427 02:22:00 |k Rodrigo Vera | ||
| 490 | 0 | |a Criminología y Educación Social Serie Menor | |
| 999 | |c 374237 |d 374235 | ||
| 952 | |0 0 |1 0 |3 erb |4 0 |6 364_155530000000000_VIL_2018 |7 0 |8 A |9 492726 |a BIBDER |b BIBDER |i 5544556 |o 364.15553 VIL 2018 |p 5544556 |r 2023-01-25 |w 2019-11-24 |y BK |z Catalogado en:20190427 |k DER | ||